| 000 | 00380nam a2200145 a 4500 | ||
|---|---|---|---|
| 001 | 2020 | ||
| 003 | CDMR | ||
| 005 | 20130503135630.0 | ||
| 008 | 130130s2003||||||||||||||||||||||||||||d | ||
| 040 |
_aCDMR _bcat _cCDMR |
||
| 100 | 1 |
_aPolo, Irene _91506 |
|
| 245 | 1 | 3 |
_aLa fascinació del periodisme _b: cròniques (1930-1936) |
| 260 |
_aBarcelona _c2003 _bQuaderns Crema |
||
| 942 |
_cMON _2udc |
||
| 999 |
_c2020 _d2020 |
||